| 000 | 00479nam a22001817a 4500 | ||
|---|---|---|---|
| 008 | 150923b xxu||||| |||| 00| 0 eng d | ||
| 020 | _a9780071105941 | ||
| 020 | _a0071105948 | ||
| 041 | 0 | _aeng | |
| 080 | _a339.138 | ||
| 245 |
_aInternational marketing / _cPhilip R. Cateora; John L. Graham; |
||
| 250 | _a13th ed. | ||
| 260 |
_aNew York: _bMcGraw-Hill; _c2007. |
||
| 300 |
_a702 f.: _bme il.; _c24 cm. |
||
| 650 | 0 | _aMarketing | |
| 650 | 0 | _aNdërkombëtar | |
| 942 |
_2udc _cBK |
||
| 999 |
_c1162 _d1162 |
||